00456 2200181 4500001002100000005001500021008004100036020001800077035001900095041000700114082000800121090001400129100001700143245001500160260004700175300003200222650002000254INLIS00000000000861020241224113658241224||||||||| | ||| |||| || |  a979-33-0695-5 0010-1224008610 aid0 a599 a599 MOR o0 aSally Morgan00aOrang Utan aSolobTiga Serangkai Pustaka Mandiric2007 a26,5x21 cm, 32 hlm.; ilus.: 0aIlmu-ilmu Murni